01184 2200361 4500001002100000005001500021035002000036007000300056008004100059020002200100082001600122084001800138100002800156245019700184250003600381300003900417650002000456700003200476700002100508504003400529264003400563336002100597337003000618338002300648040002200671850001200693500001100705090002200716999002200738990002000760990002000780990002200800INLIS00000000086959320230808114850 a0010-0422000236ta220420s2021 yoia g ind d a978-623-359-018-104223a346.078 a346.078 TAT c1 aTata Wijayantaepenulis10aCross border insolvency, kerjasama lintas batas antar lembaga peradilan :bperbandingan Indonesia, Malaysia, dan Korea Selatan /cpenulis, Tata Wijayanta, Muhammad Bagas A.H.; penyunting, Siti aCetakan pertama, September 2021 axv, 154 halaman :bgambar ;c23 cm 4aPailit--xHukum0 aMuhammad Bagas A.HePenulis0 aSitiePenyunting aBibliografi : halaman 139-15031aYogyakarta :bKanisius,c2021 2rdacontentateks 2rdamediaatanpa perantara 2rdacarrieravolume aYOPDYOGbinderda aYOPDYOG aindeks aCB-D.11 2021-4255 aCB-D.11/2021-4255 a43399-PD/B.2022 a43398-PD/B.2022 aCB-D.11/2021-4255